000
00328 a2200133 4500
001
194804
040
_c
Magnum
100
_a
Azevedo, Álvares de
240
1
0
_a
Poemas irônicos, venenosos e sarcáticos
_l
por
245
1
0
_a
Poemas irônicos, venenosos e sarcáticos
300
_a
57
697
_a
LITERATURA GERAL
942
_c
BK
999
_c
194804
_d
194804